| 000 | 00887nam a2200217 a 4500 | ||
|---|---|---|---|
| 001 | 53201 | ||
| 003 | BD-RjUL | ||
| 005 | 20211209075926.0 | ||
| 008 | 161004s1970 ii ||||| |||| 00| 0 ben d | ||
| 035 | _a(BD-RjUL)53321 | ||
| 040 |
_aBD-RjUL _bben _cBD-RjUL |
||
| 041 | _aben | ||
| 082 |
_223 _a891.44209 _bSAP 1970 |
||
| 100 |
_aসান্যাল, অবন্তীকুমার _9159026 |
||
| 245 | 1 | 0 |
_aপ্রাচীন নাট্যপ্রসঙ্গ / _cঅবন্তীকুমার সান্যাল |
| 260 |
_aকলিকাতা : _bকরুণা প্রকাশনী, _c১৯৭০ [১৩৭৭] |
||
| 300 |
_a১৪৭ পৃ. ; _c১৯ সেমি. |
||
| 650 |
_aবাংলা নাটক _xইতিহাস ও সমালোচনা _9123674 |
||
| 650 |
_aBengali Drama _xHistory & Criticism _9127231 |
||
| 942 |
_2ddc _cBK |
||
| 999 |
_c53201 _d53201 |
||